Informe final del ejercicio profesional supervisado, realizado en divetco, Cobán, Alta Verapaz/. (Registro nro. 469)

Detalles MARC
000 -LEADER
campo de control de longitud fija 03310nam a22003497a 4500
001 - NÚMERO DE CONTROL
campo de control TCPA 194
003 - IDENTIFICADOR DE NÚMERO DE CONTROL
campo de control gtcocun
005 - FECHA Y HORA DE LA ÚLTIMA TRANSACCIÓN
campo de control 20250311194631.0
006 - CÓDIGOS DE INFORMACIÓN DE LONGITUD FIJA--CARACTERÍSTICAS DEL MATERIAL ADICIONAL
campo de control de longitud fija a||||gr|||| 00| 0
007 - CAMPO FIJO DE DESCRIPCIÓN FÍSICA--INFORMACIÓN GENERAL
campo de control de longitud fija ta
008 - DATOS DE LONGITUD FIJA--INFORMACIÓN GENERAL
campo de control de longitud fija 250311b2024 gt ||||| m||| 00| 0 eng d
040 ## - FUENTE DE CATALOGACIÓN
Centro catalogador/agencia de origen gtcocun
Lengua de catalogación SPA
Centro/agencia transcriptor gtcocun
Normas de descripción rda
041 ## - CÓDIGO DE IDIOMA
Código de lengua del texto/banda sonora o título independiente SPA
084 ## - OTRO NÚMERO DE CLASIFICACIÓN
Número de control del registro de autoridad o número normalizado TCPA 0194
100 ## - ENTRADA PRINCIPAL--NOMBRE DE PERSONA
Nombre de persona Macz Quib, Angela Daniela
Término indicativo de función/relación Autor
245 ## - MENCIÓN DEL TÍTULO
Título Informe final del ejercicio profesional supervisado, realizado en divetco, Cobán, Alta Verapaz/.
Mención de responsabilidad, etc. Angela Daniela Macz Quib.
Medio Impreso
264 ## - PRODUCCIÓN, PUBLICACIÓN, DISTRIBUCIÓN, FABRICACIÓN Y COPYRIGHT
Nombre del de productor, editor, distribuidor, fabricante Universidad de San Carlos de Guatemala, Centro Universitario del Norte, Licenciatura Contaduría Pública y Auditoría
Fecha de producción, publicación, distribución, fabricación o copyright 2024
300 ## - DESCRIPCIÓN FÍSICA
Extensión 73:
Otras características físicas ilustraciones, gráficas
Dimensiones 28 cm.
300 ## - DESCRIPCIÓN FÍSICA
Extensión Un recurso en línea, 73:
Dimensiones PDF
336 ## - TIPO DE CONTENIDO
Fuente rdacontenido
Término de tipo de contenido Texto
Código de tipo de contenido txt
337 ## - TIPO DE MEDIO
Fuente rdamedio
Nombre/término del tipo de medio computadora
Código del tipo de medio n
338 ## - TIPO DE SOPORTE
Fuente rdasoporte
Nombre/término del tipo de soporte volumen
Código del tipo de soporte nc
338 ## - TIPO DE SOPORTE
Nombre/término del tipo de soporte Código en línea
Código del tipo de soporte cr
502 ## - NOTA DE TESIS
Nota de tesis Tesis de grado
Tipo de título Licenciatura Contaduría Pública y Auditoría
Nombre de la institución que otorga el título Universidad de San Carlos de Guatemala, Centro Universitario del Norte, Licenciatura Contaduría Pública y Auditoría.
Año de obtención del título 2024.
Identificador de la tesis TCPA 0194
520 14 - RESUMEN, ETC.
Sumario, etc. En la Universidad de San Carlos de Guatemala (USAC), por medio del Centro<br/>Universitario del Norte (CUNOR), a través de la carrera de Contaduría Pública y Auditoría,<br/>se realiza el proceso del Ejercicio Profesional Supervisado (EPS), con el objetivo principal<br/>de proporcionar soluciones en base a los conocimientos adquiridos, el proceso fue realizado<br/>en la empresa Distribuidora Veterinaria Cobanera (DIVETCO), en el municipio de Cobán,<br/>del departamento de Alta Verapaz.<br/><br/>El proceso inició con la elaboración del diagnóstico preliminar, donde se determinaron las<br/>áreas de vulnerabilidad y los procedimientos operativos que realiza la unidad de práctica<br/>en el área contable, administrativa y operacional; se creó el plan de trabajo; se describieron<br/>características de las actividades planificadas; se verificaron aspectos como temporalidad,<br/>planificación de procedimientos, investigación de temas y presentación de resultados.<br/><br/>En la segunda etapa se ejecutaron tres actividades determinadas; la primera incluye una<br/>reestructuración contable para tres períodos fiscales; en la segunda se elaboró una auditoría<br/>administrativa con enfoque operacional al ciclo transaccional de nómina para el período<br/>2022 y por último se realizó una auditoría fiscal. Se aplicaron técnicas y procedimientos<br/>de auditoría según normativa aplicable.<br/><br/>Y por último se elaboró la consolidación de toda la información mediante informes para el<br/>caso de auditoría; comparación de estados financieros para la reestructuración contable;<br/>conclusiones conforme los resultados obtenidos en cada actividad para lograr el<br/>cumplimiento de los objetivos; así mismo se proporcionaron las recomendaciones a la<br/>unidad de práctica que fueron necesarias.
650 14 - PUNTO DE ACCESO ADICIONAL DE MATERIA--TÉRMINO DE MATERIA
Fuente del encabezamiento o término LEM
Término de materia o nombre geográfico como elemento de entrada Cobán, Alta Verapaz
651 1# - PUNTO DE ACCESO ADICIONAL DE MATERIA--NOMBRE GEOGRÁFICO
Subdivisión general deficiencias, soluciones, proyectos, evaluación, plan.
700 ## - ENTRADA AGREGADA--NOMBRE PERSONAL
Nombre de persona Lic. Selvin Wotzbelli Castellanos Reyes
Término indicativo de función/relación Asesor
856 ## - LOCALIZACIÓN Y ACCESO ELECTRÓNICOS
Identificador Uniforme de Recurso <a href="https://drive.google.com/file/d/1M9YzsTKVZvYjJntgAFSICfSvepy5ECQJ/view?usp=sharing">https://drive.google.com/file/d/1M9YzsTKVZvYjJntgAFSICfSvepy5ECQJ/view?usp=sharing</a>
Texto de enlace PDF
Nota pública un ejemplar en línea.
942 ## - ELEMENTOS DE ENTRADA SECUNDARIOS (KOHA)
Fuente de la clasificación o esquema de estantería Clasificación Decimal Dewey
Tipo de ítem Koha TESIS
Parte de la signatura que identifica el ejemplar (Parte del ítem) TCPA_194
Prefijo de la signatura Clasificación
Suprimir en OPAC No
-- TCPA__194
Existencias
Estatus retirado Estado de pérdida Fuente de la clasificación o esquema de estantería Estado de daño No para préstamo Colección Biblioteca de origen Biblioteca actual Ubicación en estantería Fecha de adquisición Número de inventario Total de préstamos Signatura topográfica completa Código de barras Visto por última vez Precio de reemplazo Tipo de ítem Koha
    Clasificación Decimal Dewey     tesis BIBLIOTECA- CUNOR -JOSÉ LUIS GONZALES ROSALES BIBLIOTECA- CUNOR -JOSÉ LUIS GONZALES ROSALES Colección tesis 11/03/2025 TCPA O194   TCPA O194 TCPA O194 11/03/2025 11/03/2025 TESIS